[Event "EU-Cup 19th"]
[Site "Rethymno"]
[Date "2003.09.30"]
[Round "3.1"]
[White "Khalifman, Alexander"]
[Black "Dolmatov, Sergey"]
[Result "1-0"]
[WhiteElo "2678"]
[BlackElo "2605"]
[Annotator "Psakhis,L"]
[PlyCount "61"]
[EventDate "2003.09.28"]
[EventType "team-swiss"]
[EventRounds "7"]
[EventCountry "GRE"]
[SourceTitle "CBM 098"]
[Source "ChessBase"]
[SourceDate "2004.02.03"]
[SourceVersion "1"]
[SourceVersionDate "2004.02.03"]
[SourceQuality "1"]
[WhiteTeam "Tomsk 400"]
[BlackTeam "Norilsk Nikel"]
[WhiteTeamCountry "RUS"]
[BlackTeamCountry "RUS"]

1. e4 e6 2. d4 d5 3. e5 c5 4. c3 Nc6 5. Nf3 Qb6 6. a3 Nh6 7. b4 cxd4 8. cxd4
Nf5 9. Bb2 Be7 (9... Bd7 $5 10. g4 Nh6 11. Rg1 f6 12. exf6 gxf6 13. Nc3 Nf7 14.
Na4 Qc7 15. Rc1 Qf4 16. Rc3 Ng5 17. b5 Na5 18. Nxg5 fxg5 19. Bc1 Qxh2 20. Rgg3
Bd6 $132 {1/2-1/2 Savic,M-Lputian,S/BIH t-ch Neum 2002/CBM 90 (30)}) 10. Bd3 $5
({White failed to get any advantage after} 10. h4 a5 $5 11. b5 a4 $1 12. g4 Nh6
13. Nc3 Nxg4 14. Nxa4 Qa5+ 15. Nd2 Qxa4 16. Qxg4 Nxe5 17. Qxg7 Ng6 18. h5 Bf8
19. Qf6 Be7 20. Qg7 Bf8 21. Qf6 Be7 22. Qg7 {1/2-1/2 Sandipan,C-Dolmatov,S/
Moscow Aeroflot op 2002/CBM 88 (22)}) 10... Bd7 11. O-O $5 {The future of this
variation depends upon the evaluation of this position.} (11. Bxf5 exf5 12. O-O
Be6 13. Nc3 Qd8 14. Qd2 g5 $5 15. Nb5 h6 16. Bc3 a6 17. Nd6+ Bxd6 18. exd6 Qxd6
19. a4 f6 $13 {Kamsky,G-Dokhoian,Y/Pavlodar 1987/0-1 (61)}) 11... Rc8 $146 ({
Black employed a different plan in the next game} 11... g6 12. Bc2 a5 13. b5 $5
Qxb5 14. Nc3 Qb6 15. Rb1 Na7 16. Na4 Qc7 17. Rc1 Bc6 18. Bd3 O-O 19. g4 Ng7 20.
Kg2 f5 21. exf6 Rxf6 22. Ne5 Raf8 $132 {Erenburg,S-Stepashkin,E/RUS-ch B18
Kolontaevo 1998/1-0 (52)}) (11... Ncxd4 12. Nxd4 Nxd4 13. Qg4) 12. Nbd2 {
[%cal Gd2b3,Gb3c5]} g5 {Dolmatov made very interesting and agressive moce,
nevertheless I believe that such opening strategy can be punished by energetic
play.} (12... a5 $5 13. b5 Ncxd4 14. Nxd4 Nxd4 15. Qg4 Nf5 16. Bxf5 exf5 17.
Qxg7 Rf8 18. a4 $5 {[%csl Rd7]} (18. e6 $5)) 13. Nb3 h5 (13... g4 14. Ne1 h5
15. Nc2 $36 {[%csl Gd4][%cal Gb3c5]}) 14. Rc1 g4 15. Ne1 a5 $8 16. Bxf5 $5 (16.
b5 Ncxd4) 16... exf5 17. Nd3 axb4 18. Nbc5 Be6 (18... bxa3 19. Bxa3 Nxd4 20.
Nf4 $5 (20. Nxd7 Kxd7 (20... Rxc1 21. Bxc1 Kxd7 22. Be3 {[%cal Re3b6]}) 21. Rb1
$40) 20... Bxc5 21. Nxd5 $16) 19. axb4 Qb5 (19... Nxb4 $4 20. Qb3 $18) 20. Nf4
{An optimal place for the knight} Rh6 (20... Bxc5 21. Rxc5 Qxb4 22. Bc3 $16)
21. Bc3 Bg5 {Black desperately tries to cover the dark squares.} (21... b6 22.
Ncd3 $5 $16) 22. Bd2 Bxf4 $8 (22... Nxd4 $2 23. Ncxe6 Rxc1 24. Bxc1 $18) 23.
Bxf4 Rg6 24. Be3 $5 $16 {[%cal Gc5d3,Gd3f4] Without "special effects" White
obtained a practically winning position.} Rg8 ({Perhaps Black should have
considered} 24... h4 $5) 25. Re1 Ne7 $6 26. Qd2 h4 (26... b6 27. Nb7 $1 {
[%csl Rd6]}) 27. Bg5 $1 h3 28. Bxe7 Kxe7 29. Qh6 (29. Nxe6 $142 $5 Rxc1 (29...
fxe6 30. Qh6 $18) 30. Rxc1 fxe6 (30... Kxe6 31. Qh6+ Rg6 32. Qf8 $18) 31. Qh6
$18) 29... Rc6 ({There wasn't a rescue in} 29... Qb6 30. Qh4+ Ke8 31. Nxe6 Rxc1
32. Rxc1 Qxe6 33. Rc7 $18) 30. Qf6+ Ke8 31. Ra1 1-0

[Event "EU-Cup 19th"]
[Site "Rethymno"]
[Date "2003.10.04"]
[Round "7.1"]
[White "Khalifman, Alexander"]
[Black "McShane, Luke J"]
[Result "1/2-1/2"]
[WhiteElo "2678"]
[BlackElo "2619"]
[Annotator "McShane,L"]
[PlyCount "41"]
[EventDate "2003.09.28"]
[EventType "team-swiss"]
[EventRounds "7"]
[EventCountry "GRE"]
[SourceTitle "CBM 098"]
[Source "ChessBase"]
[SourceDate "2004.02.03"]
[SourceVersion "1"]
[SourceVersionDate "2004.02.03"]
[SourceQuality "1"]
[WhiteTeam "Tomsk 400"]
[BlackTeam "Werder Bremen"]
[WhiteTeamCountry "RUS"]
[BlackTeamCountry "GER"]

1. Nf3 Nf6 2. c4 g6 3. Nc3 d5 4. Qa4+ {Khalifman has a particularly impressive
record against the Grunfeld. I noticed that in the main line stuff, he hadn't
lost since 1989!} Bd7 5. Qb3 dxc4 6. Qxc4 Nc6 7. d4 Bg7 8. e4 (8. Bf4 $5 Nh5 $5
) 8... O-O 9. e5 (9. h3 $5 {[%csl Rd7,Rf6][%cal Yh3g4] might be playable} a6 $5
$132 {[%cal Yb7b5] occurred to me during the game. (Nf6-d7 is not possible, as
in the position with the B on c8).}) 9... Be6 10. exf6 Bxc4 11. fxg7 Kxg7 12.
Bxc4 Nxd4 13. Nxd4 Qxd4 14. Be2 Rfd8 15. O-O c6 16. Be3 Qb4 17. Rab1 Rd7 18. a3
Qb3 19. Ne4 b6 {A necessary evil.} 20. Nd2 Qe6 {[%csl Re2][%cal Yd7d2,Ye6e2,
Ye3d2]} 21. Bc4 {It is very difficult for either side to make progress. The
rooks are strong on the d-file, but the minor pieces cover the entry squares.}
1/2-1/2

[Event "Moscow Aeroflot op-A"]
[Site "Moscow"]
[Date "2004.02.17"]
[Round "1"]
[White "Iljushin, Alexei"]
[Black "Khalifman, Alexander"]
[Result "1/2-1/2"]
[WhiteElo "2526"]
[BlackElo "2674"]
[PlyCount "54"]
[EventDate "2004.02.17"]
[EventType "swiss"]
[EventRounds "9"]
[EventCountry "RUS"]
[SourceTitle "EXT 2005"]
[Source "ChessBase"]
[SourceDate "2004.11.15"]
[SourceVersion "1"]
[SourceVersionDate "2004.11.15"]
[SourceQuality "1"]

1. d4 d5 2. c4 c6 3. Nf3 Nf6 4. Nc3 e6 5. e3 Nbd7 6. Qc2 Bd6 7. Bd3 O-O 8. O-O
dxc4 9. Bxc4 a6 10. Rd1 b5 11. Be2 Qc7 12. e4 e5 13. Bg5 exd4 14. Rxd4 Re8 15.
Rc1 Ng4 16. h3 Nge5 17. Rd2 Nxf3+ 18. Bxf3 Nf8 19. Be3 Qe7 20. Ne2 Bd7 21. Bc5
Bxc5 22. Qxc5 Qf6 23. Qd4 Re5 24. Qd6 Qxd6 25. Rxd6 c5 26. Ng3 Be6 27. a3 c4
1/2-1/2

[Event "Moscow Aeroflot op-A"]
[Site "Moscow"]
[Date "2004.02.18"]
[Round "2"]
[White "Khalifman, Alexander"]
[Black "Neverov, Valeriy"]
[Result "1/2-1/2"]
[WhiteElo "2674"]
[BlackElo "2527"]
[PlyCount "47"]
[EventDate "2004.02.17"]
[EventType "swiss"]
[EventRounds "9"]
[EventCountry "RUS"]
[SourceTitle "EXT 2005"]
[Source "ChessBase"]
[SourceDate "2004.11.15"]
[SourceVersion "1"]
[SourceVersionDate "2004.11.15"]
[SourceQuality "1"]

1. d4 Nf6 2. c4 g6 3. Nc3 d5 4. Nf3 Bg7 5. Qb3 dxc4 6. Qxc4 O-O 7. e4 Bg4 8.
Be3 Nbd7 9. Rd1 Nb6 10. Qc5 e6 11. Be2 Nfd7 12. Qb4 a5 13. Qb3 a4 14. Qc2 Qe7
15. O-O Rfc8 16. a3 c5 17. d5 Bxf3 18. Bxf3 Ne5 19. Be2 Nec4 20. Bf4 Bd4 21.
Nb5 e5 22. Bg3 Nd6 23. Nxd6 Qxd6 24. Kh1 1/2-1/2

[Event "Moscow Aeroflot op-A"]
[Site "Moscow"]
[Date "2004.02.19"]
[Round "3"]
[White "Grachev, Boris V"]
[Black "Khalifman, Alexander"]
[Result "1/2-1/2"]
[WhiteElo "2506"]
[BlackElo "2674"]
[PlyCount "64"]
[EventDate "2004.02.17"]
[EventType "swiss"]
[EventRounds "9"]
[EventCountry "RUS"]
[SourceTitle "EXT 2005"]
[Source "ChessBase"]
[SourceDate "2004.11.15"]
[SourceVersion "1"]
[SourceVersionDate "2004.11.15"]
[SourceQuality "1"]

1. d4 Nf6 2. c4 g6 3. Nf3 Bg7 4. g3 O-O 5. Bg2 d6 6. Nc3 c6 7. O-O Qb6 8. h3
Qa6 9. b3 b5 10. Nd2 Bb7 11. Bb2 Nbd7 12. Re1 bxc4 13. Nxc4 Nb6 14. Nxb6 axb6
15. e4 Rfd8 16. Qd2 b5 17. a4 bxa4 18. Nxa4 Qb5 19. Qc2 Nd7 20. Kh2 c5 21. Bf1
Qc6 22. d5 Qc8 23. Bxg7 Kxg7 24. b4 cxb4 25. Qb2+ Kg8 26. Rec1 Qb8 27. Rc4 Ba6
28. Rxb4 Qc7 29. Rc1 Qa7 30. Bxa6 Qxa6 31. Nb6 Nxb6 32. Rxb6 Qd3 1/2-1/2

[Event "Moscow Aeroflot op-A"]
[Site "Moscow"]
[Date "2004.02.20"]
[Round "4"]
[White "Khalifman, Alexander"]
[Black "Narciso Dublan, Marc"]
[Result "1-0"]
[WhiteElo "2674"]
[BlackElo "2517"]
[PlyCount "193"]
[EventDate "2004.02.17"]
[EventType "swiss"]
[EventRounds "9"]
[EventCountry "RUS"]
[SourceTitle "EXT 2005"]
[Source "ChessBase"]
[SourceDate "2004.11.15"]
[SourceVersion "1"]
[SourceVersionDate "2004.11.15"]
[SourceQuality "1"]

1. e4 d6 2. d4 Nf6 3. Nc3 g6 4. Be3 c6 5. Nf3 Bg7 6. Qd2 b5 7. Bd3 Nbd7 8. O-O
O-O 9. h3 Qc7 10. Ne2 e5 11. dxe5 dxe5 12. Ng3 Bb7 13. c4 bxc4 14. Bxc4 a5 15.
a4 Ba6 16. Rfc1 Bxc4 17. Rxc4 Rfc8 18. Rac1 Ra6 19. Qe2 Qb7 20. R4c2 Ne8 21.
Qd3 Nf8 22. Nf1 Ne6 23. N1d2 Rd8 24. Qb3 Qa8 25. Nc4 c5 26. Ncxe5 Bxe5 27. Nxe5
Qxe4 28. Rxc5 Nf6 29. Rc6 Rxc6 30. Nxc6 Nf4 31. Bxf4 Qxf4 32. Rc4 Ne4 33. Rxe4
Qc1+ 34. Kh2 Qxc6 35. Qe3 h5 36. h4 Qf6 37. b3 Rd5 38. Rf4 Rf5 39. Rxf5 Qxf5
40. g3 Qd5 41. Qc3 Qf5 42. Qd4 Qc2 43. Qb6 Kh7 44. Qe3 Kg7 45. Kg2 Qc6+ 46. Kg1
Kh7 47. Qf4 Kg8 48. Qb8+ Kh7 49. Qb5 Qc1+ 50. Kg2 Qd2 51. Qg5 Qc3 52. Qe3 Qb4
53. Kf1 Qd6 54. Ke2 Qd5 55. Qf3 Qe6+ 56. Kd2 Qd6+ 57. Kc2 Qc5+ 58. Kb1 Kg8 59.
Qe3 Qf5+ 60. Kb2 Qf6+ 61. Ka2 Qf5 62. Qd2 Qc5 63. f4 Kh7 64. Kb2 Qb6 65. Qd5
Kg8 66. Qf3 Qd4+ 67. Kc2 Qc5+ 68. Kd3 Qd6+ 69. Ke2 Qc5 70. Qe4 Kh7 71. Qc4 Qe7+
72. Kd2 Qb7 73. Kc3 Qf3+ 74. Kd4 Kg8 75. Qc8+ Kh7 76. Qc3 Qf2+ 77. Qe3 Qc2 78.
Qd3 Qf2+ 79. Kd5 Qb6 80. f5 Qd8+ 81. Kc4 Qc7+ 82. Kb5 Qe5+ 83. Kb6 gxf5 84. Qf3
Qd6+ 85. Kxa5 Qc5+ 86. Ka6 Kg6 87. Kb7 Qb4+ 88. Kc7 Qe7+ 89. Kb6 Qb4+ 90. Ka6
Qe4 91. Qf4 Qc6+ 92. Ka7 Qc5+ 93. Kb7 Qd5+ 94. Kc7 Qa5+ 95. Kc6 Qc3+ 96. Kd7
Qd3+ 97. Qd6+ 1-0

[Event "RUS-chT 11th"]
[Site "Sochi"]
[Date "2004.04.24"]
[Round "5.3"]
[White "Shipov, Sergei"]
[Black "Khalifman, Alexander"]
[Result "1/2-1/2"]
[WhiteElo "2593"]
[BlackElo "2668"]
[Annotator "Golod,V"]
[PlyCount "97"]
[EventDate "2004.04.20"]
[EventType "team-tourn"]
[EventRounds "9"]
[EventCountry "RUS"]
[SourceTitle "EXT 2020"]
[Source "ChessBase"]
[SourceDate "2019.10.17"]
[SourceVersion "1"]
[SourceVersionDate "2019.10.17"]
[SourceQuality "1"]
[WhiteTeam "Samara Termosteps"]
[BlackTeam "Tomsk 400"]
[WhiteTeamCountry "RUS"]
[BlackTeamCountry "RUS"]

1. d4 Nf6 2. c4 e6 3. Nc3 Bb4 4. Qc2 d5 5. cxd5 Qxd5 6. Nf3 Qf5 7. Qxf5 exf5 8.
a3 Be7 9. Bf4 ({It deserves more attention:} 9. Bg5 $5 {You can see my
comments to Seirawan,Y-Adams,M/Bermuda,2000/CBM 76(1/2-1/2)(43)}) ({In my
opinion,the best way to fight for advantage here is:} 9. b4 $5 c6 10. e3 O-O $5
(10... Be6 11. Bd3 Nbd7 12. Ng5 Nd5 13. Nxe6 fxe6 14. Bd2 $14 {Alterman,
B-Hamdouchi,H/Cap d'Agde,1994(0-1)(50)}) 11. Bd3 g6 12. Bb2 Nbd7 13. Na4 Nd5
14. Rc1 Bf6 15. O-O N5b6 16. Nc5 Nxc5 17. bxc5 Nd5 {+/=/= Arlandi,E-Romanishin,
O/Torino,1998(1/2-1/2)(33)}) ({Harmless is:} 9. g3 c6 $11 {for further
comments you can see my annotations to Van Wely,L-Adams,M/Istanbul,2000/EXT
2001(1/2-1/2)(43)}) 9... c6 10. e3 Nbd7 (10... Nh5 $5 11. Bc7 $140 Kd7 {
[%csl Rc7]} 12. Be5 (12. Ba5 $5) 12... f6 13. Bg3 Nxg3 14. hxg3 {+/=/=}) 11.
Nd2 Nb6 12. Nb3 (12. Nc4 $143 O-O $6 (12... Nxc4 $1 13. Bxc4 Be6 $11) 13. h3
Be6 14. Na5 $14 {Jacimovic,D-Cao Sang/Erevan,1996(1/2-1/2)(58)}) 12... Ne4 $146
{[%csl Rd5][%cal Yb6d5,Gg7g5,Ge4c3] Interesting novelty of Alexander Khalifman.
Black improves his pawn structure,but slows his developing.} ({After:} 12...
Nh5 $6 13. Be5 $1 f6 $140 14. Bc7 Kd7 {-White transfers to better endgame:} 15.
Bxb6 axb6 16. Be2 g6 17. Bxh5 gxh5) ({The only game that reached this position
was my game against Lev Psakhis:} 12... Nfd5 $5 {For further analysis you can
see my annotatins to Golod,V-Psakhis,L/Tel-Aviv,1999/CBM 71(1-0)(67)}) 13. Nxe4
(13. Bc7 $143 Nxc3 (13... Nd5 14. Nxd5 cxd5 15. Rc1 $14) 14. bxc3 Nd5 15. Ba5
b6 16. Bb4 Be6 $11) 13... fxe4 14. Na5 $1 {[%csl Rb7,Yc8][%cal Yc8b7]} O-O (
14... Nd5 $143 15. Bg3 h5 16. h4 Kd7 {/\b6} 17. Rc1 $1 {Protecting from b6.}
Rd8 18. Be2 g6 19. O-O {/\Rfe1,Bf1 and f3 +/=}) 15. b4 Nd5 16. Bg3 Bd8 {
Exchange of white's knight,is black's only idea to finish his development.} ({
Senseless is:} 16... h5 17. h3 h4 18. Bh2 Rd8 19. Bc4 $14) 17. Rc1 Bxa5 18.
bxa5 {[%csl Yb7,Gc1,Rc6][%cal Ga5a6,Yb7c6,Ga6b7]} Bd7 (18... a6 $143 19. Rb1 f5
20. Bc4 Rf7 21. Bxd5 cxd5 22. Kd2 {/\Rhc1<->c +/=}) 19. Be2 ({In my opinion
looks more trivial:} 19. Bc4 Be6 20. Kd2 $14 {[%cal Gc1b1,Gh1c1]}) 19... Rad8
20. a6 $5 b6 21. O-O Rc8 22. Rc2 Rfe8 23. Rfc1 h6 24. h4 Ne7 $6 {Beginning of
strange maneuver,that increased white's advantage.} (24... g6 $142 {/\h5}) 25.
h5 Be6 26. Bd6 $1 Bd7 ({Now badly is:} 26... Bd5 $2 {because of:} 27. Bc4 $1
Rcd8 28. Bxd5 Nxd5 (28... cxd5 29. Bb4 {[%cal Gc2c7]} Rd7 30. Rc7 $18) (28...
Rxd6 29. Bxe4 $18) 29. Rxc6 $16) 27. Kh2 Nd5 {Finally,Black had moved back to
previous pieces configuration.} 28. g4 $14 Re6 29. Be5 Ree8 30. Kg3 Red8 31.
Bf1 f6 32. Bf4 Kf7 33. Bg2 Re8 34. Bh1 (34. f3 $5 exf3 35. Bxf3 {[%csl Rc7,Yd5]
[%cal Gf3d5,Gc2c7]} Ke6 36. Be4 Nxf4 37. Kxf4 Kd6 38. Bg6 $14) 34... Re6 35.
Bg2 Ree8 36. Bd6 Re6 37. Bb4 Rg8 38. Bh3 $6 ({From my point of view, better
was:} 38. Bf1 $5 {/\Bc4} b5 $1 (38... g6 $2 39. Bc4 gxh5 40. Bxd5 cxd5 41. Rc7
Rxg4+ $2 (41... Rd8 42. Rxa7 $18) 42. Kh3 Ke8 43. Rxa7 {/\Rcc7+-}) (38... Rc8
$2 39. Bc4 Ree8 40. f4 $1 Red8 ({of course not:} 40... exf3 $4 41. e4 $1 Rxe4
42. Bxd5+ cxd5 43. Rxc8 Bxc8 44. Rxc8 $18) 41. Bxd5+ cxd5 42. Rc7 Ke8 43. f5
Rxc7 44. Rxc7 Ra8 45. Bf8 $1 {Very nice move!} Kxf8 (45... Kd8 46. Rb7 $18) 46.
Rxd7 $18) 39. Rc5 $1 (39. Bc5 $2 g6 $1 40. hxg6+ Rxg6 41. Be2 Re8 42. Bxa7 Ra8
43. Bc5 Bxg4 $1 44. Bxg4 f5 $15) 39... Nc7 40. f4 $140 Nxa6 (40... exf3 $143
41. Bd3 Nxa6 42. Bg6+ Ke7 43. Rxc6+ Nxb4 44. Rxe6+ Bxe6 45. axb4 Rc8 46. Rxc8
Bxc8 47. Kxf3 {+/=/+/- White's positional advantage is clear: his pawns
structure is better,Black has a serious weakness on b5,while Pg7 connect his
king to the king side.}) 41. R5c2 {/\f5} Nc7 42. f5 Ree8 43. Kf2 Nd5 44. Bg2 a6
45. Bd6 Rh8 46. a4 $5 $36 {Trying to open one of the lines.White has serious
initiative for the pawn.}) 38... Ree8 $6 {Black misses his chance to change
the direction of the game.} ({It was necessary to break up the position:} 38...
g6 $1 39. hxg6+ Rxg6 {[%csl Rg4][%cal Ge6e8,Ge8g8]} 40. Kh4 Re8 41. Rxc6 $5 {
Obvious sacrifice!} Bxc6 42. Rxc6 Rd8 43. Bd2 Rg5 44. Bf1 Rdg8 45. Be2 $13) 39.
g5 $1 f5 40. Rxc6 $6 {Looks beautiful,but leads to nothing.} (40. g6+ $142 $1
Kf6 ({of course not:} 40... Ke6 $4 41. Rxc6+ Bxc6 42. Rxc6+ Kd7 43. Rd6+ $18)
41. Kh4 {Now White really threats Rc6.} Rc8 42. Bf1 Rgd8 43. Bd6 $1 Ke6 44. Be5
Rg8 45. Bc4 c5 46. Rd2 Bc6 47. Bb3 $16 {[%csl Rc5]}) 40... Bxc6 41. Rxc6 Re6 $8
({It was badly:} 41... g6 42. Bf1 Re6 43. Bc4 Rxc6 44. Bxd5+ Re6 45. gxh6 gxh5+
46. Kh4 ({of course not:} 46. Kf4 $4 Kf6 {[%csl Rf4][%cal Gg8g4]}) 46... Kf6
47. Bxe6 Kxe6 48. d5+ $1 Kf7 (48... Kxd5 $2 49. Bc3 $18 {[%csl Yc3][%cal Gh6h7]
}) 49. h7 ({Interesting,but unclear:} 49. Kxh5 Rg2 50. Bc3 f4 $1 $132) 49...
Rh8 50. Kxh5 Rxh7+ 51. Kg5 Rh2 52. Kxf5 Rxf2+ 53. Kxe4 $16 {It is really nice
to play in such position, when only you can win it.}) 42. g6+ ({I can not
recommended in this position:} 42. Rc2 $6 g6 $8 (42... Nxb4 $2 43. axb4 {
Except a material compensation,White also has strong initiative,because of
activity of his pieces and black's weaknesses on a7 and f5.} g6 44. gxh6 gxh5+
45. Kf4 $18) 43. Bf1 f4+ $1 {Great bomb!} 44. exf4 hxg5 45. fxg5 (45. Bc4 $2
gxf4+ 46. Kh3 Rh8 $1 {[%csl Rh3,Yh8]} 47. Bxd5 Rxh5+ 48. Kg2 Rxd5 49. Rc7+ Kf6
50. Rxa7 f3+ 51. Kg3 Rg5+ 52. Kf4 e3 $1 $19) 45... gxh5 46. Kh4 Kg6 $15) 42...
Kf6 43. Bd6 {[%csl Rf6][%cal Gd6e5]} Kg5 44. Bf4+ Nxf4 45. exf4+ Kf6 46. Rc7 {
[%csl Ra7,Rf6][%cal Gc7a7,Gc7f7]} Re7 $11 47. Rc6+ {Both players are obliged
to repeat moves.} Re6 48. Rc7 Re7 49. Rc6+ 1/2-1/2

[Event "RUS-chT 11th"]
[Site "Sochi"]
[Date "2004.04.25"]
[Round "6.3"]
[White "Ivanov, Sergey"]
[Black "Khalifman, Alexander"]
[Result "0-1"]
[WhiteElo "2546"]
[BlackElo "2668"]
[Annotator "Mueller,Karsten"]
[PlyCount "196"]
[EventDate "2004.04.20"]
[EventType "team-tourn"]
[EventRounds "9"]
[EventCountry "RUS"]
[SourceTitle "EXT 2020"]
[Source "ChessBase"]
[SourceDate "2019.10.17"]
[SourceVersion "1"]
[SourceVersionDate "2019.10.17"]
[SourceQuality "1"]
[WhiteTeam "Sankt Petersburg"]
[BlackTeam "Tomsk 400"]
[WhiteTeamCountry "RUS"]
[BlackTeamCountry "RUS"]

1. d4 Nf6 2. c4 e6 3. Nc3 Bb4 4. Qc2 d5 5. cxd5 Qxd5 6. Nf3 Qf5 7. Qd1 e5 8.
Bd2 Bxc3 9. Bxc3 e4 10. Ne5 e3 11. f3 O-O 12. g3 Nc6 13. Bg2 Nd5 14. Qd3 Nce7
15. Qxf5 Bxf5 16. O-O f6 17. Nc4 Rfe8 18. Rac1 Rad8 19. Rfd1 g5 20. Be1 h5 21.
Na5 b6 22. Nc6 Nxc6 23. Rxc6 Kg7 24. h4 Bd7 25. Rc2 gxh4 26. gxh4 Bf5 27. Rc6
Rd7 28. Kh2 Kh7 29. Bh1 Rg7 30. Bg3 Ree7 31. Rg1 Kg8 32. Rcc1 Kf8 33. Bg2 Ke8
34. a3 a5 35. Rgd1 Rg8 36. Rg1 Kd7 37. Bh1 Rg6 38. Bg2 Rgg7 39. Bh1 Kc8 40. Bd6
Rxg1 41. Kxg1 Re8 42. Kh2 Kb7 43. Bg3 Ka6 44. a4 Re7 45. Bg2 Kb7 46. Bh1 Re6
47. Bg2 Kc8 48. Bh1 Kd8 49. Bg2 Re7 50. Bh1 Nb4 51. Be1 Nd5 52. Bg3 Ke8 53. Bg2
Kf7 54. Bh1 Ke8 55. Bg2 Kd7 56. Bh1 c6 57. Bg2 Re8 58. Bh1 Ra8 59. Bg2 Ra7 60.
f4 Ra8 61. Bxd5 cxd5 62. Rc3 Re8 63. Kg2 Re4 64. Rd3 Bg4 65. Kf1 Ke6 66. Ke1
Kf5 67. Bh2 Bh3 68. Bg1 Kxf4 69. Bh2+ Kg4 70. Bg1 Kf4 71. Bh2+ Kg4 72. Bg1 Kxh4
73. Rxe3 Rxe3 74. Bxe3 Kg3 75. Bf2+ Kg4 76. Bg1 Kg3 77. Bf2+ Kg4 78. Bg1 Bg2
79. Bh2 h4 80. Kf2 Be4 81. Bc7 f5 82. e3 h3 83. Bf4 Bc2 84. Bc7 Be4 85. Bf4 Bd3
86. Bc7 Bc2 87. Bxb6 $2 {This pawn is poisoned. dieser Bauer ist vergiftet} (
87. b3 {would have kept White's fortress safe, e.g. hätte die weiße Festung
gehalten, z.B.} Bxb3 88. Bxb6 h2 89. Kg2 h1=Q+ 90. Kxh1 Kf3 91. Bxa5 Kxe3 92.
Bd8 Kxd4 93. a5 Ke3 (93... Bc4 94. Bg5 Ke4 95. Kg2 f4 96. Kf2 d4 97. Bf6 $11)
94. Bb6+ d4 95. a6 Bd5+ 96. Kh2 f4 97. a7 f3 98. Kg3 Kd3 99. Kf2 Kc3 100. Ke1
d3 101. Be3 Kc2 102. Bf4 $11) {[%tqu "En","How did Khalifman break through the
white barricades?","","","f5f4","",6,"h3h2","",0,"De","Wie brach Khalifman
durch die weißen Barrikaden?","","","f5f4","",6,"h3h2","",0]} 87... f4 $3 (
87... h2 $2 88. Kg2 h1=Q+ 89. Kxh1 Kf3 90. Bxa5 Kxe3 91. Bd8 Bxa4 92. Bf6 $11)
88. Bc7 ({After nach} 88. exf4 $2 Be4 89. Kg1 Kg3 $19 {[%cal Gh3h1] the
f4-pawn becomes a protective shield for the black king. wird der Bauer f4 als
Schutzschild für den schwarzen König.}) 88... f3 89. Kg1 Bd3 90. Kf2 (90. Bxa5
$2 h2+ 91. Kxh2 f2 $19) 90... Bc2 91. Kg1 Kf5 92. Bxa5 Ke4 93. Be1 Kxe3 94. a5
Bd3 {[%cal Ga6f1] the principle of one diagonal at work! eine Illustration des
Prinzips der einen Diagonale} 95. Bf2+ Ke2 96. Bg3 Ba6 97. b4 f2+ 98. Bxf2 h2+
0-1